00500 2200169 4500001002100000008004100021035002000062245006900082100002400151260002800175300001200203020002200215084001600237082000800253650005100261990001800312INLIS000000000000487 ind  a0010-0724000487 a100 Ide Untuk Guru Mendukung Siswa AutistikcRatri medya septina aRatri medya septina aJakartabErlanggac2020 a203 hlm a978-623-7478-05-8 a371.9 ISR t a371 aInstitusi Pendidikan, Sekolah dan Aktifitasnya aP29/CP/24/487